| 000 | 01262nam a2200349 i 4500 | ||
|---|---|---|---|
| 001 | bg | ||
| 003 | KOSZ 005 | ||
| 005 | 20200630132831.0 | ||
| 008 | 080210s1964 pl a f f 001 0 pol | ||
| 015 | _aPB 1965/3445 | ||
| 040 |
_aWA N _cKOSZ 005/RW _dKOSZ 005/RW |
||
| 041 | 1 |
_apol _hrus |
|
| 080 | _a53 | ||
| 100 | 1 |
_aÂvorskij, Boris Mihajlovič _eAutor |
|
| 245 | 1 | 0 |
_aKurs fizyki. _nT. 2, _pElektryczność i magnetyzm / _cB. Jaworski, A. Dietłaf, L. Miłkowska ; [z ros. przeł. A. Suski]. |
| 246 | 3 | 0 | _aElektryczność i magnetyzm. |
| 246 | 1 |
_iTyt. oryg.: _aÈlektričestvo i magnetizm. |
|
| 260 |
_aWarszawa : _bPaństwowe Wydawnictwo Naukowe, _c1964. |
||
| 300 |
_a488, [3] s. : _bil. ; _c23 cm. |
||
| 380 | _aKsiążki. | ||
| 504 | _aIndeks. | ||
| 650 | 4 | _aElektryczność | |
| 650 | 4 | _aMechanika | |
| 655 | 4 | _aPodręcznik | |
| 650 | 4 | _aElektromagnetyzm | |
| 700 | 1 |
_aDetlaf, Andrej Antonovič _eAutor |
|
| 700 | 1 |
_aMilkovskaâ, Lidiâ Bronislavovna _eAutor |
|
| 700 | 1 |
_aSuski, Andrzej _eTłumaczenie |
|
| 710 | 2 |
_aPaństwowe Wydawnictwo Naukowe _4pbl. |
|
| 856 |
_uhttp://koha.tu.koszalin.pl/cgi-bin/koha/opac-detail.pl?biblionumber=46988 _yKatalog online BPK |
||
| 942 |
_2UKD _cKS |
||
| 999 |
_c46988 _d46988 |
||